Datum a čas kvízu
22.5
Celkem bodů
Celkový počet nahraných bodů na tomto kvízu bez doplňovacích otázek.
7.
Pořadí na kvízu
Konečné umístění týmu na tomto kvízu.
Zaznamenané odpovědi
| # | Otázka | Odpověď | Body | Výsledky |
|---|---|---|---|---|
| 1. | Dům zahraniční spolupráce minu... | B | 1 | |
| 2. | Ruská poslankyně Natalja Poklo... | na Krym | 0 | |
| 3. | V noci na pondělí středoevrops... | Hra o trůny, Černobyl | 1 | |
| 4. | V pondělí jsme se dozvěděli, ž... | Thomas Cook | 1 | |
| 5. | Čeští kajakáři i kajakářky zís... | hlídky | 1 | |
| 6. | V tomto tématu se podíváme na... | Vyšehrad, Blaník | 0.5 | |
| 7. | Kolik procent tuku musí nejmén... | 10 % | 0 | |
| 8. | Celá rostlina pampelišky, tedy... | latex | 0 | |
| 9. | Po Bedřichu Smetanovi byl pojm... | Merkur | 0 | |
| 10. | Futuretro, Biorytmy, Kluci kde... | Tata Bojs | 1 |